000 00342nam a2200133Ia 4500
008 151213s9999 xx 000 0 und d
020 _a984-70215-0024-6
245 _aThe Bangladesh Labour Code, 2006 and Other Related Law
260 _aDhaka
_bShams Pulications
_c2007
300 _a5947 p.
650 _aLaw
650 _aLaw
999 _c3432
_d3432